00346nam a2200145Ia 4500008004100000020001500041041001200056082001100068100001400079245005000093250000800143260002500151300000800176650001600184221030s9999 xx 000 0 und d a0070648234 aEnglish a105.23 aA. Kahate 0aCryptography & Network Securitycby A. Kahate a2nd bTMHaNew Delhic2011 a541 aBE Computer